[Event "SAIF POWERTEC 45th BAN Ch 2019"]
[Site "Dhaka"]
[Date "2019.11.07"]
[Round "6.6"]
[White "Mehdi Hasan Parag"]
[Black "Ahmed, Sheikh Nasir"]
[Result "1-0"]
[WhiteElo "2181"]
[BlackElo "2185"]
[Annotator "RC"]
[PlyCount "99"]
[EventDate "2019.11.02"]
[EventType "swiss"]
[EventCountry "BAN"]
[SourceTitle "playchess.com"]
[Source "ChessBase"]
[SourceQuality "1"]
[TimeControl "40/5400+30:1800+30"]

1. e4 {[%emt 0:00:00]} c5 {[%emt 0:18:58]} 2. Nf3 {[%emt 0:00:05]} d6 {[%emt 0:00:23]} 3. d4 {[%emt 0:00:31]} cxd4 {[%emt 0:00:07]} 4. Nxd4 {[%emt 0:00:04]} Nf6 {[%emt 0:00:11]} 5. Nc3 {[%emt 0:00:06]} Nc6 {[%emt 0:00:11]} 6. Bc4 {[%emt 1:32:14]} e6 {[%emt 0:00:12]} 7. Be3 {[%emt 0:00:24]} a6 {[%emt 0:00:27]} 8. Bb3 {[%emt 0:00:10]} Na5 {[%emt 0:00:17]} 9. f4 {[%emt 0:02:13]} Qc7 {[%emt 0:00:38]} 10. Qf3 {[%emt 1:30:17]} b5 {[%emt 0:09:45]} 11. g4 {[%emt 0:01:43]} Nxb3 {[%emt 0:04:37]} 12. axb3 {[%emt 0:03:13]} Bb7 {[%emt 0:04:58]} 13. g5 {[%emt 0:05:21]} b4 {[%emt 0:01:47]} 14. gxf6 {[%emt 0:00:36]} bxc3 {[%emt 0:00:03]} 15. O-O-O {[%emt 0:04:24]} gxf6 {[%emt 0:02:44]} 16. f5 {[%emt 0:07:58]} e5 {[%emt 0:03:19]} 17. Ne2 {[%emt 0:00:56]} cxb2+ {[%emt 0:49:53]} 18. Kxb2 {[%emt 0:00:14]} a5 {[%emt 0:08:45]} 19. Ra1 {[%emt 0:05:05]} a4 {[%emt 0:00:53]} 20. Bd2 {[%emt 0:18:13]} Be7 {[%emt 0:24:34]} 21. Nc3 {[%emt 0:03:03]} a3+ {[%emt 0:01:46]} 22. Ka2 {[%emt 0:00:23]} d5 {[%emt 0:01:49]} 23. exd5 {[%emt 0:01:38]} Bb4 {[%emt 0:00:19]} 24. Rac1 {[%emt 0:03:34]} Rd8 {[%emt 0:07:19]} 25. Rhd1 {[%emt 0:03:15]} Bxc3 {[%emt 0:00:14]} 26. Bxc3 {[%emt 0:36:51]} Qc5 {[%emt 0:00:02]} 27. Qg3 {[%emt 0:05:50]} Bxd5 {[%emt 0:00:30]} 28. Bxe5 {[%emt 0:04:27]} Ke7 {[%emt 0:02:50]} 29. Bd4 {[%emt 0:27:09]} Qc6 {[%emt 0:01:03]} 30. Qe3+ {[%emt 0:01:17]} Kd7 {[%emt 0:01:03]} 31. c4 {[%emt 0:01:27]} Bf3 {[%emt 0:00:42]} 32. Bxf6+ {[%emt 0:05:04]} Bxd1 {[%emt 0:00:09]} 33. Rxd1+ {[%emt 0:00:01]} Kc8 {[%emt 0:00:24]} 34. Bxd8 {[%emt 0:00:42]} Rxd8 {[%emt 0:00:23]} 35. Rxd8+ {[%emt 0:00:19]} Kxd8 {[%emt 0:05:02]} 36. Qd4+ {[%emt 0:00:50]} Kc8 {[%emt 0:05:31]} 37. Qd5 {[%emt 0:10:59]} Qh6 {[%emt 0:02:54]} 38. Kxa3 {[%emt 0:00:22]} Qxh2 {[%emt 0:00:06]} 39. Qxf7 {[%emt 0:00:36]} h5 {[%emt 0:01:34]} 40. Qe8+ {[%emt 0:00:00]} Kc7 {[%emt 0:00:00]} 41. Qe7+ {[%emt 0:03:12]} Kc6 {[%emt 0:05:27]} 42. Qe8+ {[%emt 0:00:41]} Kc7 {[%emt 0:01:17]} 43. Qf7+ {[%emt 0:04:11]} Kb6 {[%emt 0:04:37]} 44. Qd5 {[%emt 0:02:23]} Qc2 {[%emt 0:01:54]} 45. Qd6+ {[%emt 0:00:54]} Kb7 {[%emt 0:00:23]} 46. f6 {[%emt 0:01:25]} Qc1+ {[%emt 0:00:52]} 47. Ka4 {[%emt 0:04:17]} Qf1 {[%emt 0:21:13]} 48. Kb5 {[%emt 0:02:06]} h4 {[%emt 0:01:11]} 49. Qd7+ {[%emt 0:00:41]} Kb8 {[%emt 0:00:02]} 50. f7 {[%emt 0:00:45]} 1-0

[Event "SAIF POWERTEC 45th BAN Ch 2019"]
[Site "Dhaka"]
[Date "2019.11.07"]
[Round "6.7"]
[White "Mohammad, Javed"]
[Black "Hossain, Enamul"]
[Result "1/2-1/2"]
[WhiteElo "2130"]
[BlackElo "2433"]
[Annotator "TA"]
[PlyCount "77"]
[EventDate "2019.11.02"]
[EventType "swiss"]
[EventCountry "BAN"]
[SourceTitle "playchess.com"]
[Source "ChessBase"]
[SourceQuality "1"]

{[%evp 23,77,-3,5,-1,29,21,19,14,21,0,14,4,0,0,0,0,0,-30,25,25,71,62,62,35,168,172,155,0,0,0,0,0,0,0,0,0,21,0,0,0,40,0,82,78,88,88,80,89,347,334,306,322,261,22,146,35]} 1. d4 Nf6 2. c4 e6 3. Nc3 Bb4 4. e3 b6 5. Nf3 Bb7 6. Bd3 O-O 7. O-O d5 8. a3 Bxc3 9. bxc3 c5 10. Bb2 dxc4 11. Bxc4 Qc7 12. Be2 Nbd7 13. c4 {E53: Nimzo-Indian: Rubinstein: Main Line (4...0-0 5 Nf3 d5 6 Bd3 c5 7 0-0)} (13. h3 Rfd8 14. a4 Rac8 15. a5 h6 16. axb6 axb6 17. Ra7 Ra8 18. Rxa8 Rxa8 19. c4 Rc8 20. Qb3 Qc6 {½-½ (51) Nepomniachtchi,I (2768)-Inarkiev,E (2690) Satka 2018}) 13... cxd4 14. exd4 Rac8 15. Rc1 {The position is equal.} Rfd8 16. Qb3 Ng4 $146 {Hoping for ...Bxf3.} ({Predecessor:} 16... Qf4 17. Rfd1 Ne4 18. a4 g5 19. Qe3 Qxe3 20. fxe3 a5 {1-0 (38) Carasca,B (2221)-Paraschiv,P (2008) Calimanesti Caciulata 2019}) 17. g3 $1 Qc6 18. h3 Ngf6 19. Qe3 h6 20. Kh2 Ne8 (20... Qe4 $142) 21. d5 $11 Qd6 22. Nd4 {[%cal Rd5e6]} Nc5 23. Bf3 Qe7 (23... Qd7 $14) 24. Nf5 $1 $18 {[%cal Rf5e7]} Qd7 25. dxe6 $2 (25. Nxg7 $1 $16 Nxg7 26. Qxh6) 25... fxe6 $11 26. Rfd1 Qf7 {[%mdl 64] White must now prevent ...Bxf3. Pin} 27. Bxb7 Nxb7 28. Nd4 Nc5 29. Nf3 Qf5 30. Nd4 Qf7 31. Nf3 Qf5 32. Nd4 Qh5 (32... Qf7 $11 {keeps the balance.}) 33. Nxe6 $16 Rxd1 {[#]} 34. Nf4 $1 $36 {[%cal Rf4h5][%mdl 2048] White is in control.} Qf7 35. Rxd1 Qxc4 $2 {[%mdl 8192]} (35... Nc7 $16 {was worth a try.}) 36. Nd5 $18 Kh7 37. Rd4 Qc2 38. Rd2 $2 (38. Bc3 $18) 38... Qc4 {[#]} (38... Qe4 $11) 39. Rd1 {Accuracy: White = 49%, Black = 27%.} ({Better is} 39. Bxg7 $1 $16 Nxg7 40. Nf6+ Kg6 41. Ng4) 1/2-1/2

[Event "SAIF POWERTEC 45th BAN Ch 2019"]
[Site "Dhaka"]
[Date "2019.11.07"]
[Round "6.8"]
[White "Islam, Khandaker Aminul"]
[Black "Saiful Islam, Chowdhury"]
[Result "1-0"]
[WhiteElo "2229"]
[BlackElo "2159"]
[Annotator "TA"]
[PlyCount "93"]
[EventDate "2019.11.02"]
[EventType "swiss"]
[EventCountry "BAN"]
[SourceTitle "playchess.com"]
[Source "ChessBase"]
[SourceQuality "1"]

{[%evp 9,120,20,24,14,36,33,38,-14,28,35,43,40,52,56,63,52,85,79,75,86,87,61,75,50,63,38,32,33,31,15,33,7,37,32,34,29,48,45,62,60,58,53,43,45,85,70,69,45,95,75,76,77,76,63,147,151,166,152,160,161,154,150,150,115,168,154,164,132,180,125,246,206,227,231,299,306,304,306,288,288,289,288,370,438,446,446,416,426,432,432,443,443,445,401,520,497,591,589,599,597,448,448,1175,1181,1110,799,1535,1364,12440,572,6665,6315,29995]} 1. d4 Nf6 2. Bg5 Ne4 3. Bf4 e6 4. e3 d5 5. Bd3 Bd6 6. Ne2 {A45: Trompowsky Attack} (6. Bxe4 Bxf4 7. exf4 dxe4 8. Nc3 Nc6 9. Nge2 f5 10. Qd2 O-O 11. O-O-O a5 12. h3 a4 13. a3 b5 {½-½ (58) Vitiugov,N (2726)-Grandelius,N (2643) Doha 2016}) 6... O-O 7. c4 b6 8. Nbc3 ({White should try} 8. cxd5 $14 exd5 9. O-O) 8... Bb7 9. cxd5 exd5 10. O-O Bxf4 $146 ({Predecessor:} 10... Nxc3 11. bxc3 Bxf4 12. Nxf4 Nd7 13. Qf3 Nf6 {0-1 (67) Klimpel,T (2059)-Rother,C (2239) Bad Neustadt/Saale 2008}) 11. Nxf4 (11. exf4 Nf6 $11) 11... Nf6 12. Rc1 a6 13. Qf3 Re8 14. Rfd1 Qd6 15. Bc2 Nbd7 16. h3 Rad8 17. Qg3 Nf8 18. Bb3 c6 19. Nfe2 Qe7 20. Rc2 b5 21. Nf4 a5 {White should prevent ...a4.} 22. Rcc1 Qd6 23. Bc2 Ng6 24. Bxg6 hxg6 25. Qf3 Bc8 26. Nd3 Nd7 27. Ne2 b4 28. Nc5 Nf6 29. Qf4 Qe7 30. Qh4 Qa7 31. Nf4 a4 (31... Bf5 $14) 32. Nfd3 $16 Qa5 33. Ne5 Qb5 34. Qf4 Re7 35. Rd2 Ne8 36. g4 Rd6 (36... g5 $16 {was worth a try.} 37. Qh2 (37. Qxg5 f6 $11) 37... Rd6) 37. Rdc2 g5 38. Qf3 ({Not} 38. Qxg5 f6 $11) 38... f6 39. Ned3 (39. Ng6 $18 Ra7 40. h4) 39... g6 (39... Rd8 $16) 40. Qd1 Rh7 {[#]} 41. Kg2 $1 f5 42. Ne5 fxg4 43. hxg4 Nf6 44. f3 Nd7 45. Qd3 ({Don't play} 45. Ncxd7 $6 Bxd7 46. Rc5 Qa6 $18) 45... Qa5 46. Nexd7 ({Much less strong is} 46. Ncxd7 Bxd7 47. Nxc6 Qa8 $18) 46... Bxd7 47. Nxd7 {Played: Nc5-b7} 1-0

[Event "SAIF POWERTEC 45th BAN Ch 2019"]
[Site "Dhaka"]
[Date "2019.11.07"]
[Round "6.9"]
[White "Nayem, Haque"]
[Black "Mohammed Abdul, Malek"]
[Result "1/2-1/2"]
[WhiteElo "1911"]
[BlackElo "2168"]
[Annotator "TA"]
[PlyCount "97"]
[EventDate "2019.11.02"]
[EventType "swiss"]
[EventCountry "BAN"]
[SourceTitle "playchess.com"]
[Source "ChessBase"]
[SourceQuality "1"]

{[%evp 21,97,4,27,30,43,46,71,11,43,17,65,62,65,46,46,50,56,59,46,37,52,0,3,0,0,-6,0,-4,0,-42,-37,-32,-23,-60,0,0,0,0,13,13,13,18,11,0,0,0,0,0,0,0,0,0,701,31,31,7,1,11,31,31,61,27,670,665,29977,29977,2637,116,97,93,64,0,0,0,0,0,0,0]} 1. e4 e5 2. Nf3 Nc6 3. Bb5 a6 4. Ba4 Nf6 5. O-O Be7 6. Re1 b5 7. Bb3 d6 8. c3 O-O 9. d3 Na5 10. Bc2 c5 11. Nbd2 Ne8 12. d4 {C90: Closed Ruy Lopez with 7...d6: Early deviations} cxd4 13. cxd4 Qc7 14. b3 $146 (14. a4 $16) ({Predecessor:} 14. h3 Bd7 15. Nf1 Rc8 16. Ne3 Nf6 17. b3 Nc6 18. Bb2 Nb4 19. Bb1 Rfd8 20. a3 exd4 21. Nxd4 Nc6 22. Ndf5 Bxf5 23. Nxf5 {1-0 (51) Su,Y (2209)-Ren,X (2198) Zhongshan 2013}) 14... Bg4 15. Bb2 (15. h3 $5 {[%cal Rh3g4]} Bxf3 16. Nxf3 $14) 15... exd4 16. h3 Bh5 17. g4 Bg6 18. Nxd4 Nc6 19. Nxc6 Qxc6 20. Nf3 Bf6 21. Bxf6 (21. Nd4 $5 {[%cal Rd4c6]} Qb6 22. f4 $14) 21... Nxf6 22. Rc1 Rac8 23. Nd4 Qc3 24. Re3 Qc5 25. Re1 h5 26. Nf5 Bxf5 27. exf5 hxg4 (27... Rfe8 $1 $15 28. Rxe8+ Nxe8) 28. hxg4 $11 Qb4 29. g5 Nh7 30. Re4 Qc3 31. Re3 Qb2 32. Rg3 Rc5 33. b4 Rc4 $1 34. f6 g6 {And now ...Rfc8 would win.} 35. Kg2 $1 {Bxg6! is the strong threat.} Qe5 {aiming for ...Rfc8.} ({Wrong is} 35... Rxb4 $2 36. Bxg6 $1 {[%mdl 512]} Rh4 37. Bxf7+ $1 {[%mdl 512]} Kh8 38. g6 $18) 36. Bb3 $1 {[%cal Rb3c4]} Re4 $2 {[%mdl 8192] [#]} (36... Rf4 $11 37. Qh1 Qe4+ {[%mdl 64] Double Attack} 38. Kg1 Qxh1+ 39. Kxh1 Rxf2) 37. Qd2 $2 (37. Qh1 $1 $18 {[%cal Rh1h6]} Nxf6 38. gxf6 Qxf6 {[#]} 39. Qh6 $1 {[%mdl 512]}) 37... Rd4 $1 $14 {[%cal Rd4d2]} 38. Qc2 {White wants to mate with Qxg6+.} d5 $132 {[%mdl 2048] Black puts up resistance} 39. Rd1 {Strongly threatening Qb2.} Rxd1 40. Qxd1 Rd8 41. Qg4 $1 d4 $2 {[%mdl 8192]} (41... Qe4+ $11 42. Qxe4 dxe4) 42. Qh4 $18 {Threatening mate with Qh6.} Rd6 43. Qh6 {[%csl Gf6][%cal Rh6g7]} Qe4+ 44. Rf3 $2 ({Weaker is} 44. Kh2 Nxf6 45. gxf6 Rxf6 $18) (44. f3 $18 {[%csl Gf6][%cal Rh6g7] is the precise move to win.} Qe2+ 45. Kh1 Qf1+ 46. Kh2 Qe2+ 47. Rg2 Qe5+ 48. Kh1 Nxf6 49. Qxg6+ {[%mdl 64] Double Attack} Kh8 50. Bxf7 Qe1+ 51. Rg1 Qh4+ 52. Kg2) 44... Nxf6 $16 45. gxf6 Rxf6 46. Bd1 ({White should try} 46. Qh3 $14) 46... Qg4+ $11 {The position is equal.} 47. Rg3 $1 {[%cal Rg3g4]} Qxd1 48. Rh3 {[%csl Gh3][%cal Rh6h8]} Qg4+ 49. Kf1 {Accuracy: White = 49%, Black = 49%.} 1/2-1/2

[Event "SAIF POWERTEC 45th BAN Ch 2019"]
[Site "Dhaka"]
[Date "2019.11.07"]
[Round "6.10"]
[White "Md., Sharif Hossain"]
[Black "Rahman, Syed Mahfuzur"]
[Result "1-0"]
[WhiteElo "2148"]
[BlackElo "2158"]
[Annotator "TA"]
[PlyCount "117"]
[EventDate "2019.11.02"]
[EventType "swiss"]
[EventCountry "BAN"]
[SourceTitle "playchess.com"]
[Source "ChessBase"]
[SourceQuality "1"]

{[%evp 19,117,0,9,6,3,0,0,0,0,0,0,10,64,54,65,62,55,63,77,80,100,87,116,73,101,59,104,97,97,94,96,87,109,76,74,71,76,67,55,57,86,94,85,84,170,164,160,157,154,162,159,132,160,147,159,119,106,0,0,0,62,36,58,60,140,145,196,195,244,235,240,226,384,256,278,278,329,318,343,346,327,373,373,377,354,370,422,429,413,395,635,633,673,679,762,754,741,677,1670,1639]} 1. e4 c5 2. Nf3 d6 3. d4 cxd4 4. Nxd4 Nf6 5. Nc3 a6 6. Be2 e5 7. Nb3 Be7 8. Bg5 Be6 9. Bxf6 Bxf6 10. Qd3 O-O 11. O-O-O {B92: Sicilian Najdorf: 6 Be2} (11. O-O Nc6 12. a3 Nd4 13. Nxd4 exd4 14. Nd5 Bxd5 15. exd5 Re8 16. Qf3 Re5 17. Bd3 g6 18. g3 Kg7 19. Kg2 h5 {½-½ (32) Harikrishna,P (2768)-Mamedyarov,S (2762) Novi Sad 2016}) 11... Be7 12. Nd5 Bxd5 13. Qxd5 {The position is equal.} Nc6 14. Kb1 Qc7 {[#]} 15. a3 $146 ({Predecessor:} 15. c3 b5 16. Rhf1 b4 17. Rc1 Qb6 18. cxb4 Nxb4 {1-0 (35) Bacallao Alonso,Y (2583)-Abarca Gonzalez,N (2416) Antofagasta 2019}) 15... a5 (15... b5 $11) 16. a4 Nb4 17. Qc4 Qb6 18. c3 Nc6 19. Rhf1 Rfc8 {Strongly threatening ...Nd4.} 20. Qb5 Qc7 21. Bg4 Rd8 22. Nd2 Rab8 23. Qc4 Bg5 24. Nb3 b6 25. g3 Qb7 26. Be2 Ne7 27. f4 Bf6 28. fxe5 dxe5 29. Bh5 {Threatens to win with Rxd8+.} Rxd1+ 30. Rxd1 g6 {And now ...Rc8 would win.} 31. Bg4 b5 (31... Bg5 $16) 32. axb5 $18 Qxb5 33. Qxb5 Rxb5 34. Kc2 a4 {[#]} 35. Nd2 $1 Bg5 36. Nc4 Rc5 37. Nb6 Rc6 38. Rd8+ (38. Nxa4 $16 {b4 is the strong threat.} Rc4 39. Bd7) 38... Kg7 $11 39. Rb8 f5 (39... Rf6 $11) 40. Bf3 Rc7 41. Ra8 Nc6 {[#]} ({Black should try} 41... Be3 $14 42. Nc4 Rxc4) 42. Kd3 $1 $16 Nd8 (42... Na7 $16 {keeps fighting.} 43. Nxa4 Nc8) 43. Rxa4 $18 Ne6 {White must now prevent ...Nc5+.} 44. b4 Bd8 45. Ra8 Kf7 $2 (45... Rf7) 46. Bg2 Be7 47. Ra5 fxe4+ 48. Bxe4 Ng5 49. Nd5 ({But not} 49. Rxe5 Bf6 $18) 49... Rd7 50. Ke3 Bd8 51. Ra6 Ne6 52. h4 h5 53. c4 g5 54. Bf3 Ng7 $2 (54... Nc7) 55. hxg5 {White is clearly winning.} Bxg5+ 56. Ke4 h4 57. gxh4 Bxh4 58. b5 Bf2 59. Bg4 {Accuracy: White = 72%, Black = 36%.} 1-0

[Event "SAIF POWERTEC 45th BAN Ch 2019"]
[Site "Dhaka"]
[Date "2019.11.07"]
[Round "6.11"]
[White "Anata, Choudhury"]
[Black "Zia, Tahsin Tajwar"]
[Result "0-1"]
[WhiteElo "2159"]
[BlackElo "2058"]
[Annotator "TA"]
[PlyCount "76"]
[EventDate "2019.11.02"]
[EventType "swiss"]
[EventCountry "BAN"]
[SourceTitle "playchess.com"]
[Source "ChessBase"]
[SourceQuality "1"]

{[%evp 14,76,31,27,37,28,40,41,45,41,58,33,32,41,38,20,10,12,12,-181,-189,-312,-317,-312,-308,-316,-318,-297,-302,-559,-552,-529,-291,-287,-287,-285,-285,-285,-278,-266,-239,-267,-264,-404,-400,-437,-422,-400,-385,-870,-869,-1195,-1006,-1354,-1336,-6511,-7298,-29980,-29980,-29974,-10204,-29981,-29982,-29989,-29990]} 1. e4 c6 2. d4 d5 3. Nd2 dxe4 4. Nxe4 Nf6 5. Nxf6+ exf6 6. c3 Bd6 7. Bd3 O-O 8. Qc2 (8. Nf3 {with more complications.} c5 9. Be3 cxd4 10. Nxd4 Nc6 11. Bc2) 8... Re8+ {B15: Caro-Kann: 3 Nc3: 3...g6 and 3...dxe4 4 Nxe4 Nf6 5 Nxf6+ exf6} 9. Ne2 (9. Be3 h6 10. Ne2 Na6 11. O-O Nc7 12. c4 Bg4 13. h3 Bxe2 14. Bxe2 Ne6 15. Rad1 Qc7 16. Bg4 Rad8 17. Rfe1 Bf4 18. Bxf4 Nxf4 19. Rxe8+ Rxe8 {½-½ (58) Svidler,P (2756)-Carlsen,M (2839) Porto Carras 2018}) 9... h5 10. O-O h4 {White is slightly better.} 11. h3 Nd7 {[%cal Bb8d7,Bd7f8,Bf8g6,Bg6f4][%mdl 32]} 12. Be3 Nf8 13. c4 Bc7 14. Rae1 $146 ({Predecessor:} 14. Rad1 Qd6 15. Bf4 Rxe2 16. Bxd6 Rxc2 {½-½ (56) Kanmazalp,O (2473)-Motylev,A (2669) Batumi 2018}) 14... Be6 15. Rd1 Ng6 {White must now prevent ...Qd6.} 16. f4 $2 {[#]} (16. Bd2 $11 {and White has nothing to worry.}) 16... Bxh3 $1 $19 {[%mdl 576] Discovered Attack} 17. Rf3 (17. Qd2 $142 Qe7 18. Bf2) (17. gxh3 Rxe3) 17... Bg4 18. Rdf1 Bxf3 19. Rxf3 {[#]} Rxe3 $1 20. Rxe3 Nxf4 {[%mdl 64] Overworked Piece} 21. Nxf4 $2 (21. Kf1) 21... Qxd4 22. Qf2 {Threatens to win with Re8+!} Bxf4 23. Rf3 ({Not} 23. Re8+ $2 Rxe8 24. Qxd4 Be3+ 25. Qxe3 Rxe3 $19) 23... Qxf2+ 24. Kxf2 {[%mdl 4096] Endgame KRB-KRB} Bg3+ 25. Ke2 Re8+ 26. Kd2 Re5 27. Rf5 Kf8 28. Rxe5 (28. Rf3 $142) 28... fxe5 {KB-KB} (28... Bxe5 $2 29. b4 $19) 29. Bf5 g6 30. Bc8 b6 31. Bb7 $2 (31. c5) 31... c5 32. Bd5 f5 33. Ke3 Ke7 34. Kf3 g5 35. b3 g4+ 36. Ke3 Kf6 (36... e4 $142 37. Ke2 h3 38. gxh3 gxh3 39. Kf1 Kd6 40. Bf7 h2 41. Kg2 f4 42. Bh5 f3+ {[%mdl 64] Overworked Piece} 43. Bxf3 exf3+ 44. Kxf3 h1=Q+ 45. Kg4 Qh4+ 46. Kf3 Be1 47. b4 Ke5 48. Kg2 Qg3+ 49. Kh1 Bf2 50. bxc5 Qh3#) 37. Bb7 e4 38. Bc6 Ke5 {Accuracy: White = 20%, Black = 86%.} 0-1

[Event "SAIF POWERTEC 45th BAN Ch 2019"]
[Site "Dhaka"]
[Date "2019.11.07"]
[Round "6.12"]
[White "Hossain, Delwar"]
[Black "S M Sharon"]
[Result "1-0"]
[WhiteElo "2080"]
[BlackElo "2092"]
[Annotator "NA RC"]
[PlyCount "89"]
[EventDate "2019.11.02"]
[EventType "swiss"]
[EventCountry "BAN"]
[SourceTitle "playchess.com"]
[Source "ChessBase"]
[SourceQuality "1"]
[TimeControl "40/5400+30:1800+30"]

{[%evp 8,89,52,39,47,51,77,81,101,81,156,112,188,173,170,185,186,180,202,195,196,207,261,258,252,252,257,269,310,245,258,210,219,172,210,204,664,288,288,288,289,327,313,314,293,327,383,383,390,410,441,354,429,412,460,410,802,837,29996,352,703,827,1426,1097,916,1133,1991,5484,5202,1212,879,595,920,654,652,677,963,973,773,722,639,0,29990,890]} 1. d4 {[%emt 1:30:30]} d6 {[%emt 1:30:30]} 2. e4 {[%emt 0:00:30]} g6 {[%emt 0:00:30]} 3. c4 {[%emt 0:00:30]} Bg7 {[%emt 0:00:30]} 4. Nc3 {[%emt 0:00:30]} Nc6 {[%emt 0:00:30]} 5. Be3 {[%emt 0:00:30]} e5 {[%emt 0:00:30]} 6. d5 {[%emt 0:00:30]} Nd4 {[%emt 0:00:30]} 7. Nge2 {[%emt 0:00:30]} Bg4 {[%emt 0:00:30]} 8. f3 {[%emt 0:00:30] A42: Modern Defence: Averbakh Variation} (8. Qa4+ Bd7 9. Qd1 Nxe2 10. Bxe2 f5 11. exf5 gxf5 12. f4 Nf6 13. Bh5+ Kf8 14. fxe5 dxe5 15. O-O Kg8 {0-1 (54) Miljkovic,M (2524)-Tadic,B (2545) Belgrade 2014}) 8... Bxf3 {[%emt 0:00:30]} (8... Nxe2 $142 9. Bxe2 Bd7) 9. Qa4+ {[%emt 0:00:30]} Qd7 {[%emt 0:00:30]} ({Don't go for} 9... b5 $2 10. Nxb5 Kf8 11. gxf3 $18 (11. Bxd4 Bxe2 12. Bxa7 Bxf1 $14) (11. Nexd4 exd4 12. gxf3 dxe3 $11)) (9... Kf8 $16) 10. Qxd7+ {[%emt 0:00:30]} Kxd7 {[%emt 0:00:30]} 11. gxf3 {[%emt 0:00:30]} Nc2+ $146 {[%emt 0:00:30]} ({Predecessor:} 11... Nxf3+ 12. Kf2 Nd4 13. Bh3+ Kd8 14. Rad1 Nc2 15. Bg5+ Bf6 16. Bxf6+ Nxf6 17. a3 a5 18. Kf3 Re8 19. Rd2 Nd4+ 20. Nxd4 exd4 21. Rxd4 {1-0 (21) Sivic,K (2151)-Gorsek,G (1928) ICCF email 2006}) 12. Kd2 {[%emt 0:00:30]} Nxa1 {[%emt 0:00:30]} 13. Bh3+ {[%emt 0:00:30] Discovered Attack} Kd8 {[%emt 0:00:30]} 14. Rxa1 {[%emt 0:00:30]} Bh6 {[%emt 0:00:30] [#]} (14... Nf6 $142 15. c5 dxc5 16. Bxc5 Nd7) 15. f4 $1 {[%emt 0:00:30]} exf4 {[%emt 0:00:30]} 16. Nxf4 {[%emt 0:00:30]} ({Don't take} 16. Bxf4 $6 Bxf4+ 17. Nxf4 Nf6 $16) 16... Bg7 {[%emt 0:00:30]} 17. Rf1 {[%emt 0:00:30]} Ne7 {[%emt 0:00:30]} 18. Nfe2 {[%emt 0:00:30]} Rf8 {[%emt 0:00:30]} 19. Bg5 {[%emt 0:00:30]} h6 {[%emt 0:00:30]} 20. Bf6 {[%emt 0:00:30]} Bxf6 {[%emt 0:00:30]} 21. Rxf6 {[%emt 0:00:30]} Nf5 $2 {[%emt 0:00:30]} (21... Ng8 22. Rf1 a6) 22. Bxf5 {[%emt 0:00:30]} (22. exf5 $142 Ke7 23. Ne4) 22... Ke7 {[%emt 0:00:30]} 23. e5 $1 {[%emt 0:00:30]} dxe5 {[%emt 0:00:30]} 24. Ne4 {[%emt 0:00:30]} gxf5 {[%emt 0:00:30]} 25. Rxf5 {[%emt 0:00:30]} f6 {[%emt 0:00:30]} 26. N2g3 {[%emt 0:00:30]} c6 {[%emt 0:00:30]} 27. Nh5 {[%emt 0:00:30]} cxd5 {[%emt 0:00:30]} 28. cxd5 {[%emt 0:00:30]} Rg8 {[%emt 0:00:30]} 29. d6+ {[%emt 0:00:30]} Ke6 {[%emt 0:00:30]} 30. Rxf6+ {[%emt 0:00:30] Double Attack} Kd5 {[%emt 0:00:30]} 31. Nhg3 {[%emt 0:00:30]} Raf8 $2 {[%emt 0:00:30]} (31... Rgf8 32. Rg6 Rf4) 32. d7 {[%emt 0:00:30]} Rd8 {[%emt 0:00:30]} 33. Rd6+ $2 {[%emt 0:00:30]} (33. Kd3 {mates} Rxd7 34. b4 Rxg3+ 35. hxg3 Rh7 36. Rd6#) 33... Kc4 {[%emt 0:00:30]} 34. Kc2 {[%emt 0:00:30]} h5 {[%emt 0:00:30]} 35. b3+ {[%emt 0:00:30]} Kb5 {[%emt 0:00:30]} 36. Kc3 {[%emt 0:00:30]} b6 {[%emt 0:00:30]} 37. a4+ {[%emt 0:00:30]} Ka5 {[%emt 0:00:30]} 38. Nxh5 {[%emt 0:00:30]} (38. Nf5 $142 Rg1 39. Ne7 Rc1+ 40. Kb2) 38... Rh8 {[%emt 0:00:30]} 39. Nef6 {[%emt 0:00:30]} (39. Nhf6 $142 Rh3+ 40. Rd3 Rxh2 41. Nd6) 39... Ka6 {[%emt 0:00:30]} 40. Re6 {[%emt 0:00:30]} Kb7 {[%emt 0:00:30]} 41. Rxe5 {[%emt 0:30:30]} Kc6 {[%emt 0:30:30]} 42. Re6+ {[%emt 0:00:30]} Kc7 $11 {[%emt 0:00:30]} 43. Re8 {[%emt 0:00:30]} (43. Nf4 Rxd7 44. Nxd7 Kxd7) 43... Rh6 {[%emt 0:00:30]} 44. Re6 $2 {[%emt 0:00:30]} (44. Rxd8 $18 Kxd8 45. Kd4) 44... Rdh8 $2 {[%emt 0:00:30]} 45. Nf4 $18 {[%emt 0:00:30]} (45. Re8 $142 Kb7 46. d8=Q Rxe8 47. Qd7+ Kb8 48. Nxe8 a5 49. Nhf6 b5 50. Nd6) 1-0

[Event "SAIF POWERTEC 45th BAN Ch 2019"]
[Site "Dhaka"]
[Date "2019.11.08"]
[Round "7.1"]
[White "Murshed, Niaz"]
[Black "Mollah Abdullah, Al Rakib"]
[Result "1/2-1/2"]
[WhiteElo "2413"]
[BlackElo "2462"]
[Annotator "TA"]
[PlyCount "68"]
[EventDate "2019.11.02"]
[EventType "swiss"]
[EventCountry "BAN"]
[SourceTitle "playchess.com"]
[Source "ChessBase"]
[SourceQuality "1"]

{[%evp 20,68,32,10,22,-13,-2,-6,-12,-14,-5,-23,0,-1,0,0,0,-2,0,-11,-3,-10,-10,-10,-10,-33,-29,-26,-15,-28,0,0,0,0,0,-54,-10,-86,-2,-43,0,0,0,-66,0,0,0,-51,0,-34,-39]} 1. d4 Nf6 2. Nf3 e6 3. c4 b6 4. g3 Bb7 5. Bg2 Bb4+ 6. Bd2 a5 7. O-O O-O 8. Bf4 Be7 9. Nc3 Ne4 10. Qc2 Nxc3 11. Qxc3 d6 {E16: Queen's Indian: 4 g3 Bb7 5 Bg2 Bb4+} 12. Qc2 f5 13. Ne1 Bxg2 {The position is equal.} 14. Nxg2 Nc6 {[%cal Bb8c6,Bc6b4,Bb4a6,Ba6c5,Bc5b3][%mdl 32]} 15. Rad1 Bf6 16. d5 Nb4 17. Qb1 e5 18. Bd2 {[#]} Qd7 $146 ({Predecessor:} 18... Bg5 19. f4 exf4 20. Nxf4 Bxf4 21. Rxf4 {½-½ (63) Andreikin,D (2689)-Lenic,L (2613) Moscow 2011}) 19. b3 Na6 20. Qc2 Nc5 21. f3 Rae8 22. a3 a4 23. b4 Nb3 {next ...Nd4 is good for Black.} 24. e3 g5 25. Bc3 Bg7 26. Kh1 Qf7 27. Qd3 (27. f4 $11) 27... Qh5 {aiming for ...e4.} 28. e4 {[#]} (28. f4 $11 {keeps the balance.}) 28... Qh3 (28... fxe4 $1 $17 29. fxe4 Nd4 30. Bxd4 Rxf1+ 31. Rxf1 exd4) 29. exf5 Rxf5 30. Qe4 Ref8 31. Kg1 (31. Ne3 $11) 31... R5f6 (31... h5 $15 32. Ne3 R5f7) 32. Ne3 $11 h5 33. Rd3 (33. Rde1 $1 $11) 33... Bh6 (33... h4 $15 34. Qg4 Qxg4 35. Nxg4 R6f7) 34. Ng2 Qd7 {Accuracy: White = 40%, Black = 48%.} 1/2-1/2